Adónde va la iglesia?: un diagnóstico de nuestro tiempo
Gespeichert in:
| 1. Verfasser: | |
|---|---|
| Format: | Buch |
| Sprache: | Spanisch |
| Veröffentlicht: |
Maliaño
Sal Terrae
1997
|
| Ausgabe: | 1a. ed |
| Schriftenreihe: | Presencia Teológica, 88
|
| Schlagworte: | |
| Tags: |
Tag hinzufügen
Keine Tags, Fügen Sie den ersten Tag hinzu!
|
MARC
| LEADER | 00000cam a2200000 a 4500 | ||
|---|---|---|---|
| 001 | UCE7006 | ||
| 003 | CL-VaPUC | ||
| 008 | 150520e19970000sp |||||||||||||||||spa|d | ||
| 020 | |a 8429312331 | ||
| 082 | 0 | 4 | |a 230.01 |b KEH |2 21 |
| 100 | |a Kehl, Medard |e author |9 580891 | ||
| 245 | 1 | 0 | |a Adónde va la iglesia?: un diagnóstico de nuestro tiempo |
| 250 | |a 1a. ed | ||
| 300 | |a 167 p | ||
| 942 | |c BK | ||
| 945 | |d 20150520 16:51:00 |a cmena | ||
| 260 | |a Maliaño |b Sal Terrae |c 1997 | ||
| 650 | 0 | |a Filosofía cristiana |9 265980 | |
| 650 | 0 | |a Sociología de la religión |9 337481 | |
| 650 | 0 | |a Teología cristiana |9 308336 | |
| 650 | 0 | |a Iglesia |9 255004 | |
| 583 | |a last modification |c 20150520 16:51:00 |k Rodrigo Vera | ||
| 490 | 0 | |a Presencia Teológica, 88 | |
| 999 | |c 359152 |d 359150 | ||
| 952 | |0 0 |1 0 |3 erb |4 0 |6 230_010000000000000_KEH_1997 |7 0 |8 A |9 468220 |a BIBTEO |b BIBTEO |e Casale Rolle, Carlos Ignacio, -2014 |i 5182069 |o 230.01 KEH 1997 |p 5182069 |r 2025-01-17 |w 2019-11-23 |y BK |z Catalogado en:20150520 |k ICR | ||